[Event "Satka Autumn op (Women)"]
[Site "Satka"]
[Date "2013.09.11"]
[Round "9"]
[White "Litvinenko, Ekaterina"]
[Black "Onischuk, Nastja"]
[Result "0-1"]
[WhiteElo "1945"]
[BlackElo "2175"]
[PlyCount "144"]
[EventDate "2013.09.03"]
[EventType "swiss"]
[EventRounds "9"]
[EventCountry "RUS"]
[SourceTitle "CBM 156 Extra"]
[Source "ChessBase"]
[SourceDate "2013.10.22"]
[SourceVersion "1"]
[SourceVersionDate "2013.10.22"]
[SourceQuality "1"]

1. e4 d5 2. exd5 Qxd5 3. Nc3 Qa5 4. b4 Qxb4 5. Rb1 Qd6 6. Nf3 c6 7. Bc4 e6 8. 0-0 Nf6 9. Re1 Be7 10. Ne4 Nxe4 11. Rxe4 b5 12. Bf1 Nd7 13. Bb2 Bf6 14. d4 0-0 15. Bd3 a5 16. Ne5 Bg5 17. Nxd7 Bxd7 18. Qh5 f5 19. Re2 Bf6 20. Rd1 Be8 21. Qf3 Rd8 22. c3 Bf7 23. Bc2 g6 24. Red2 e5 25. Bb3 e4 26. Qe3 Bd5 27. Bxd5+ cxd5 28. Qe2 Rb8 29. a4 Rfc8 30. axb5 Rc4 31. Ra1 Rxb5 32. Ba3 Qc7 33. Rb2 Rxb2 34. Qxb2 Rxc3 35. Bd6 Qc8 36. h3 Bxd4 37. Rb1 Ba7 38. Kh2 a4 39. Be5 Rb3 40. Qa2 Qe6 41. Bb2 Qd6+ 42. Kh1 Qb4 43. Rc1 Bc5 44. Be5 d4 45. Kh2 Bd6 46. Rc8+ Kf7 47. Bxd6 Qxd6+ 48. g3 Qa3 49. Qd2 Qb2 50. Rc2 a3 51. Kg2 Rb7 52. Qd1 Qb4 53. Qc1 d3 54. Ra2 Ra7 55. Qh6 Ke6 56. Qe3 Rc7 57. g4 fxg4 58. hxg4 Rc2 59. Ra1 a2 60. g5 Kf5 61. Qh3+ Kxg5 62. Qg3+ Kf5 63. Qh3+ Kf6 64. Qxh7 Qb6 65. Qh4+ Kf5 66. Qh3+ Ke5 67. Qh8+ Kd5 68. Qg8+ Kd4 69. Qg7+ Kc4 70. Qf7+ Kc3 71. Qg7+ Qd4 72. Qc7+ Kb2 0-1

[Event "Satka Autumn op (Women)"]
[Site "Satka"]
[Date "2013.09.10"]
[Round "8"]
[White "Mamontova, Anastasia"]
[Black "Onischuk, Nastja"]
[Result "1/2-1/2"]
[WhiteElo "1779"]
[BlackElo "2175"]
[PlyCount "99"]
[EventDate "2013.09.03"]
[EventType "swiss"]
[EventRounds "9"]
[EventCountry "RUS"]
[SourceTitle "CBM 156 Extra"]
[Source "ChessBase"]
[SourceDate "2013.10.22"]
[SourceVersion "1"]
[SourceVersionDate "2013.10.22"]
[SourceQuality "1"]

1. e4 c5 2. d4 cxd4 3. c3 d3 4. Bxd3 d6 5. Nf3 e6 6. 0-0 Be7 7. Nbd2 Nf6 8. Qe2 Nbd7 9. Nc4 0-0 10. Bg5 h6 11. Bh4 a6 12. Nd4 Qc7 13. f4 Nc5 14. Bc2 d5 15. exd5 Nxd5 16. Bg3 f5 17. Rad1 Bf6 18. Nxf5 exf5 19. Rxd5 Be6 20. Rdd1 b5 21. Ne3 Rae8 22. Qf2 Bxa2 23. Nxf5 Bc4 24. Rfe1 Rxe1+ 25. Qxe1 Rd8 26. Bf2 Nd3 27. Bxd3 Bxd3 28. Qe6+ Kh7 29. Bb6 Bc4 30. Rxd8 Qxd8 31. Bxd8 Bxe6 32. Bxf6 Bxf5 33. Bd8 Kg6 34. h3 h5 35. Kf2 Kf7 36. Kf3 Ke6 37. g4 hxg4+ 38. hxg4 Bc2 39. f5+ Kf7 40. Kf4 Ke8 41. Bb6 Kf7 42. b4 g6 43. fxg6+ Kxg6 44. g5 Bd3 45. Bd8 Bc4 46. Ke5 Be2 47. Kd6 Bd3 48. Kc6 Bc4 49. Kb6 Bd3 50. Kxa6 1/2-1/2

[Event "Urals-ch (Women)"]
[Site "Russia"]
[Date "2012.02.26"]
[Round "2"]
[White "Onischuk, Nastja"]
[Black "Turebayeva, Alfiya"]
[Result "1/2-1/2"]
[WhiteElo "2208"]
[BlackElo "2188"]
[PlyCount "46"]
[EventDate "2012.02.25"]
[EventType "swiss"]
[EventRounds "9"]
[EventCountry "RUS"]
[SourceTitle "EXT 2014"]
[Source "ChessBase"]
[SourceDate "2013.11.20"]
[SourceVersion "1"]
[SourceVersionDate "2013.11.20"]
[SourceQuality "1"]

1. e4 c5 2. Nc3 Nc6 3. f4 g6 4. Bc4 Bg7 5. Nf3 a6 6. d3 b5 7. Bb3 d6 8. 0-0 b4 9. Ne2 Nf6 10. Ng3 0-0 11. f5 Na5 12. Nh4 Nxb3 13. axb3 Nd7 14. Nf3 Ne5 15. Nxe5 Bxe5 16. Qf3 Bb7 17. Bh6 Bg7 18. Bxg7 Kxg7 19. Qf4 Bc8 20. Qf3 Bb7 21. Qg4 Bc8 22. Qf3 Bb7 23. Qg4 Bc8 1/2-1/2

[Event "Ekaterinburg"]
[Site "Ekaterinburg"]
[Date "2010.07.20"]
[Round "6"]
[White "Chudinovskikh, Zinaida"]
[Black "Onischuk, Nastja"]
[Result "1/2-1/2"]
[WhiteElo "2073"]
[BlackElo "2209"]
[PlyCount "40"]
[EventDate "2010.07.15"]
[EventType "tourn"]
[EventRounds "11"]
[EventCountry "RUS"]
[EventCategory "1"]
[SourceTitle "EXT 2011"]
[Source "ChessBase"]
[SourceDate "2010.11.26"]
[SourceVersion "1"]
[SourceVersionDate "2010.11.26"]
[SourceQuality "1"]

1. d4 e6 2. c4 f5 3. g3 Nf6 4. Bg2 Be7 5. Nf3 c6 6. 0-0 0-0 7. b3 a5 8. Ne5 d6 9. Nd3 Na6 10. Bb2 Rb8 11. Nd2 d5 12. Nf3 Bd7 13. Nfe5 Be8 14. Rc1 Ne4 15. f3 Nf6 16. Nf4 Bd7 17. Qd2 Re8 18. c5 b6 19. Nxd7 Qxd7 20. Nd3 Qb7 1/2-1/2

[Event "Ekaterinburg"]
[Site "Ekaterinburg"]
[Date "2010.07.18"]
[Round "4"]
[White "Gertsyk, Nikolai"]
[Black "Onischuk, Nastja"]
[Result "1/2-1/2"]
[WhiteElo "2316"]
[BlackElo "2209"]
[PlyCount "32"]
[EventDate "2010.07.15"]
[EventType "tourn"]
[EventRounds "11"]
[EventCountry "RUS"]
[EventCategory "1"]
[SourceTitle "EXT 2011"]
[Source "ChessBase"]
[SourceDate "2010.11.26"]
[SourceVersion "1"]
[SourceVersionDate "2010.11.26"]
[SourceQuality "1"]

1. e4 d5 2. exd5 Qxd5 3. Nc3 Qa5 4. d4 c6 5. Bc4 Bf5 6. Nf3 e6 7. Bd2 Qb6 8. Bb3 Nf6 9. h3 Be7 10. Be3 Qc7 11. 0-0 Nbd7 12. Ne2 0-0 13. Bf4 Bd6 14. Bxd6 Qxd6 15. Ng3 Bg6 16. c3 Ne4 1/2-1/2

[Event "Ekaterinburg 06"]
[Site "Ekaterinburg"]
[Date "2009.06.??"]
[Round "1"]
[White "Gertsyk, Nikolai"]
[Black "Onischuk, Nastja"]
[Result "1-0"]
[WhiteElo "2308"]
[BlackElo "2173"]
[PlyCount "49"]
[EventDate "2009.06.06"]
[EventType "tourn"]
[EventRounds "11"]
[EventCountry "RUS"]
[EventCategory "1"]
[SourceTitle "EXT 2022"]
[Source "ChessBase"]
[SourceDate "2021.10.06"]
[SourceVersion "1"]
[SourceVersionDate "2021.10.06"]
[SourceQuality "1"]

1. d4 Nf6 2. c4 e6 3. Nf3 b6 4. Nc3 Bb7 5. a3 d5 6. cxd5 Nxd5 7. Qc2 c5 8. e4 Nxc3 9. bxc3 Be7 10. Bb5+ Bc6 11. Bd3 Nd7 12. 0-0 h6 13. Rd1 Qc7 14. d5 exd5 15. exd5 Bxd5 16. Bb5 a6 17. Bf4 Qxf4 18. Bxd7+ Kxd7 19. Rxd5+ Kc7 20. Re1 Bd6 21. Rf5 Qc4 22. Re4 Qb5 23. Rxf7+ Kc6 24. Re6 Rad8 25. c4 1-0

[Event "Ekaterinburg 02"]
[Site "Ekaterinburg"]
[Date "2009.02.??"]
[Round "8"]
[White "Onischuk, Nastja"]
[Black "Fer, Vadim"]
[Result "1-0"]
[WhiteElo "2152"]
[BlackElo "2192"]
[PlyCount "77"]
[EventDate "2009.02.25"]
[EventType "tourn"]
[EventRounds "11"]
[EventCountry "RUS"]
[EventCategory "2"]
[SourceTitle "EXT 2022"]
[Source "ChessBase"]
[SourceDate "2021.10.06"]
[SourceVersion "1"]
[SourceVersionDate "2021.10.06"]
[SourceQuality "1"]

1. e4 g6 2. d4 Bg7 3. Nc3 c6 4. Be3 d5 5. Qd2 dxe4 6. Nxe4 Nd7 7. 0-0-0 Ngf6 8. Ng3 Nd5 9. Bh6 Bxh6 10. Qxh6 Qa5 11. Bc4 N7f6 12. Nf3 Bg4 13. Rhe1 0-0-0 14. Bb3 e6 15. c4 Bxf3 16. gxf3 Ne7 17. Qh4 g5 18. Qh6 Ng6 19. Qg7 Ne8 20. Qxf7 Nc7 21. Ne4 Nf4 22. Kb1 h6 23. Qf6 Kb8 24. Nc5 b6 25. Nd7+ Kb7 26. Ne5 Qb4 27. Bc2 Rhf8 28. Qxh6 Rh8 29. Qxg5 Rxd4 30. Rxd4 Qxe1+ 31. Rd1 Rh5 32. Qxh5 Qxd1+ 33. Bxd1 Nxh5 34. f4 Nxf4 35. h4 Ne8 36. h5 Nf6 37. h6 Kc7 38. Bc2 Kd6 39. Ng4 1-0

[Event "Ekaterinburg 09"]
[Site "Ekaterinburg"]
[Date "2008.09.21"]
[Round "7"]
[White "Kornev, Alexander"]
[Black "Onischuk, Nastja"]
[Result "1/2-1/2"]
[WhiteElo "2314"]
[BlackElo "2125"]
[PlyCount "22"]
[EventDate "2008.09.15"]
[EventType "tourn"]
[EventRounds "11"]
[EventCountry "RUS"]
[EventCategory "1"]
[SourceTitle "EXT 2010"]
[Source "ChessBase"]
[SourceDate "2010.11.25"]
[SourceVersion "1"]
[SourceVersionDate "2010.11.25"]
[SourceQuality "1"]

1. e4 c5 2. Nf3 d6 3. d4 cxd4 4. Nxd4 Nf6 5. Nc3 a6 6. Bc4 e6 7. Bb3 Be7 8. Qf3 Qc7 9. Bg5 Nc6 10. 0-0-0 b5 11. Nxc6 Qxc6 1/2-1/2

[Event "Ekaterinburg 09"]
[Site "Ekaterinburg"]
[Date "2008.09.16"]
[Round "2"]
[White "Gusarov, Grigory"]
[Black "Onischuk, Nastja"]
[Result "1-0"]
[WhiteElo "2200"]
[BlackElo "2125"]
[PlyCount "41"]
[EventDate "2008.09.15"]
[EventType "tourn"]
[EventRounds "11"]
[EventCountry "RUS"]
[EventCategory "1"]
[SourceTitle "EXT 2010"]
[Source "ChessBase"]
[SourceDate "2010.11.25"]
[SourceVersion "1"]
[SourceVersionDate "2010.11.25"]
[SourceQuality "1"]

1. d4 f5 2. g4 d6 3. gxf5 Bxf5 4. Bg2 c6 5. e4 Bg6 6. Nc3 Nd7 7. Bg5 Ngf6 8. d5 Qa5 9. Qd2 Ne5 10. Nge2 Nc4 11. Qf4 cxd5 12. exd5 Nb6 13. b4 Qa6 14. a4 Bxc2 15. a5 Bd3 16. b5 Bxb5 17. Nxb5 Nfxd5 18. Bxd5 Nxd5 19. Qc4 Qc6 20. Qxd5 Qxd5 21. Nc7+ 1-0

[Event "UKR-ch (Women)"]
[Site "Sevastopol"]
[Date "2000.??.??"]
[Round "8"]
[White "Onischuk, Nastja"]
[Black "Jadvizhena, Nadezhda"]
[Result "0-1"]
[WhiteElo "2149"]
[BlackElo "2155"]
[PlyCount "94"]
[EventDate "2000.??.??"]
[EventType "swiss"]
[EventRounds "9"]
[EventCountry "UKR"]
[SourceTitle "EXT 2001"]
[Source "ChessBase"]
[SourceDate "2000.11.22"]
[SourceVersion "1"]
[SourceVersionDate "2000.11.22"]
[SourceQuality "1"]

1. e4 c5 2. Nc3 d6 3. f4 Nc6 4. Nf3 e6 5. d3 g6 6. g3 Bg7 7. Bg2 Nge7 8. 0-0 0-0 9. Be3 b6 10. Bf2 Ba6 11. Re1 Qc7 12. Rb1 Rac8 13. Ne2 Rcd8 14. g4 f5 15. Ng5 Bc8 16. exf5 exf5 17. gxf5 Nxf5 18. Bd5+ Kh8 19. Nc3 Ncd4 20. Re4 h6 21. Nf3 Nxf3+ 22. Qxf3 Nd4 23. Qd1 Bf5 24. Re3 Qd7 25. Qd2 Ne6 26. Ne2 Rde8 27. c3 Bg4 28. Bxe6 Rxe6 29. Re1 Rxe3 30. Bxe3 Qc6 31. Ng3 Kh7 32. d4 b5 33. Bf2 Qd5 34. Re7 c4 35. Qe3 Rf7 36. Rxf7 Qxf7 37. Kg2 Bc8 38. Kf1 a6 39. Ne4 Qd5 40. Bh4 Bb7 41. Nf6+ Bxf6 42. Bxf6 Qg2+ 43. Ke1 Qh1+ 44. Ke2 Qxh2+ 45. Qf2 Qh5+ 46. Kd2 Qf5 47. Bd8 Qd3+ 0-1

[Event "Alushta zt (Women)"]
[Site "Alushta"]
[Date "1999.??.??"]
[Round "?"]
[White "Alexandrova, Olga"]
[Black "Onischuk, Nastja"]
[Result "1-0"]
[WhiteElo "2265"]
[BlackElo "2096"]
[PlyCount "93"]
[EventDate "1999.??.??"]
[EventType "swiss"]
[EventRounds "9"]
[EventCountry "UKR"]
[SourceTitle "EXT 2000"]
[Source "ChessBase"]
[SourceDate "1999.11.16"]
[SourceVersion "1"]
[SourceVersionDate "1999.11.16"]
[SourceQuality "1"]

1. d4 d6 2. e4 Nd7 3. c4 e5 4. d5 g6 5. Nc3 Bg7 6. Bd3 Ne7 7. h4 h6 8. h5 g5 9. g4 c6 10. Be3 cxd5 11. cxd5 0-0 12. f3 Nc5 13. Bc2 Bd7 14. b4 Na6 15. a3 Nc8 16. Nge2 Nb6 17. Bd3 Nc7 18. Kf2 Qe8 19. a4 Na6 20. Qb3 Bf6 21. Rhc1 Bd8 22. Ng3 Nc8 23. a5 Kh7 24. Nf5 Bc7 25. Na4 Bb5 26. Bxb5 Qxb5 27. Qc4 Qxc4 28. Rxc4 Bd8 29. Rac1 b5 30. axb6 Nxb6 31. Nxb6 axb6 32. Ra1 Bf6 33. Nxd6 Be7 34. Nf5 Bxb4 35. Rc6 Bc5 36. Rxh6+ Kg8 37. Bxc5 Nxc5 38. Rxa8 Rxa8 39. Rxb6 Ra2+ 40. Ke3 Ra3+ 41. Ke2 Ra2+ 42. Kd1 Ra7 43. Rb8+ Kh7 44. Rc8 Nb3 45. Kc2 Rb7 46. d6 Na1+ 47. Kc3 1-0

[Event "Alushta zt (Women)"]
[Site "Alushta"]
[Date "1999.??.??"]
[Round "?"]
[White "Onischuk, Nastja"]
[Black "Matjushina, Zoja"]
[Result "1-0"]
[WhiteElo "2096"]
[BlackElo "2214"]
[PlyCount "65"]
[EventDate "1999.??.??"]
[EventType "swiss"]
[EventRounds "9"]
[EventCountry "UKR"]
[SourceTitle "EXT 2000"]
[Source "ChessBase"]
[SourceDate "1999.11.16"]
[SourceVersion "1"]
[SourceVersionDate "1999.11.16"]
[SourceQuality "1"]

1. e4 c5 2. Nc3 Nc6 3. f4 g6 4. Nf3 Bg7 5. Bc4 e6 6. 0-0 Nge7 7. Qe1 0-0 8. d3 d5 9. Bb3 a6 10. a4 Nb4 11. Qf2 b6 12. a5 Bb7 13. e5 Rc8 14. axb6 Qxb6 15. Na4 Qc7 16. Be3 d4 17. Bd2 Nbd5 18. c3 dxc3 19. bxc3 f6 20. c4 Nb4 21. Nxc5 Qxc5 22. Qxc5 Rxc5 23. Bxb4 Rc7 24. Bd6 Bxf3 25. Bxc7 Be2 26. Rfe1 Bxd3 27. Bd6 Rf7 28. Rxa6 fxe5 29. Ra8+ Bf8 30. fxe5 Kg7 31. c5 Nd5 32. Ba4 Bf5 33. Be8 1-0

[Event "UKR-ch U20 Girls"]
[Site "Kiev"]
[Date "1998.??.??"]
[Round "?"]
[White "Grigorian, L."]
[Black "Onischuk, Nastja"]
[Result "1/2-1/2"]
[WhiteElo "2095"]
[BlackElo "2150"]
[PlyCount "63"]
[EventDate "1998.??.??"]
[EventType "tourn"]
[EventRounds "11"]
[EventCountry "UKR"]
[SourceTitle "EXT 2002"]
[Source "ChessBase"]
[SourceDate "2001.11.25"]
[SourceVersion "1"]
[SourceVersionDate "2001.11.25"]
[SourceQuality "1"]

1. d4 d6 2. Nf3 Bg4 3. e3 Nd7 4. Be2 e5 5. dxe5 dxe5 6. 0-0 Ngf6 7. Nc3 c6 8. b3 Qc7 9. Bb2 Be7 10. h3 Bf5 11. Nd2 0-0 12. Bf3 Rad8 13. Qc1 Rfe8 14. Rd1 Nc5 15. a3 Ne6 16. Nce4 Nxe4 17. Bxe4 Bxe4 18. Nxe4 Nc5 19. Nxc5 Bxc5 20. b4 Bf8 21. c4 f6 22. Qc2 g6 23. c5 Kg7 24. Qc4 Qe7 25. Qg4 Qf7 26. Rxd8 Rxd8 27. Rd1 Rxd1+ 28. Qxd1 b6 29. cxb6 axb6 30. f4 exf4 31. exf4 Qe6 32. Qd2 1/2-1/2

[Event "UKR-ch U20 Girls"]
[Site "Kiev"]
[Date "1998.??.??"]
[Round "?"]
[White "Onischuk, Nastja"]
[Black "Zozulia, Anna"]
[Result "0-1"]
[WhiteElo "2150"]
[BlackElo "2250"]
[PlyCount "134"]
[EventDate "1998.??.??"]
[EventType "tourn"]
[EventRounds "11"]
[EventCountry "UKR"]
[SourceTitle "EXT 2002"]
[Source "ChessBase"]
[SourceDate "2001.11.25"]
[SourceVersion "1"]
[SourceVersionDate "2001.11.25"]
[SourceQuality "1"]

1. e4 c5 2. Nf3 Nc6 3. Bb5 g6 4. 0-0 Bg7 5. Re1 e5 6. Bxc6 dxc6 7. d3 f6 8. Be3 b6 9. Nc3 Nh6 10. h3 0-0 11. a3 Qc7 12. Qc1 Nf7 13. Nd2 g5 14. g4 Nd8 15. Ne2 h5 16. f3 hxg4 17. hxg4 Ne6 18. Kg2 Nf4+ 19. Nxf4 gxf4 20. Bf2 Qf7 21. Rh1 Qg6 22. Kf1 Be6 23. b3 Kf7 24. Ke2 Rh8 25. Qg1 Bh6 26. Rh3 Bg7 27. Rh1 Rxh1 28. Qxh1 Rh8 29. Qg2 Qh6 30. Rg1 Bf8 31. a4 Be7 32. Ra1 a6 33. Qg1 Qh2 34. Qxh2 Rxh2 35. c4 Bd7 36. Rg1 Rh8 37. Rb1 Ke6 38. Rg1 Kd6 39. Kd1 b5 40. Kc2 Rh2 41. Rf1 Bd8 42. Kd1 Ba5 43. Kc2 Kc7 44. Be1 Kb6 45. Rf2 Rh1 46. Kd1 Bb4 47. axb5 cxb5 48. Rf1 Rxf1 49. Nxf1 Bxe1 50. Kxe1 Ka5 51. cxb5 axb5 52. Kd2 Kb4 53. Kc2 Ka3 54. Nd2 Ka2 55. Kc3 Be6 56. b4 cxb4+ 57. Kxb4 Kb2 58. Kxb5 Kc3 59. Nf1 Kxd3 60. Kc5 Ke2 61. Nh2 Kf2 62. Kd6 Bb3 63. Ke7 Kg2 64. Kxf6 Kxh2 65. g5 Kg3 66. g6 Kxf3 67. Kxe5 Ke3 0-1

[Event "UKR-ch U20 Girls"]
[Site "Kiev"]
[Date "1998.??.??"]
[Round "?"]
[White "Straub, Natalia"]
[Black "Onischuk, Nastja"]
[Result "1-0"]
[WhiteElo "2320"]
[BlackElo "2150"]
[PlyCount "63"]
[EventDate "1998.??.??"]
[EventType "tourn"]
[EventRounds "11"]
[EventCountry "UKR"]
[SourceTitle "EXT 2002"]
[Source "ChessBase"]
[SourceDate "2001.11.25"]
[SourceVersion "1"]
[SourceVersionDate "2001.11.25"]
[SourceQuality "1"]

1. d4 f5 2. Nf3 Nf6 3. g3 g6 4. Bg2 Bg7 5. 0-0 0-0 6. Nbd2 d6 7. c3 Qe8 8. Qb3+ Kh8 9. Ng5 c6 10. Ne6 Bxe6 11. Qxe6 Qf7 12. Qxf7 Rxf7 13. e4 fxe4 14. Nxe4 Nxe4 15. Bxe4 d5 16. Bc2 e5 17. dxe5 Bxe5 18. Bd2 Nd7 19. Rae1 Bf6 20. Kg2 Kg7 21. f4 Re7 22. g4 h6 23. Rxe7+ Bxe7 24. Re1 Kf7 25. Bxg6+ Kxg6 26. Rxe7 Nc5 27. Be3 Nd3 28. Rxb7 Re8 29. f5+ Kf6 30. Bd4+ Kg5 31. Kg3 Rg8 32. h4# 1-0